000 00399nam a2200157Ia 4500
008 230917s9999||||xx |||||||||||||| ||und||
040 _e59501
_aMAIN
041 _aEnglish
082 _a658.3 S82P
100 _aStrauss, George
245 0 _aPersonnel the human problems of management
250 _a3rd ed.
260 _aNew Delhi
_bPrentice- Hall
_c1976
300 _axvi, 684 p.
942 _cBK
999 _c166369
_d166369